[Event "ROM-ch U14 Girls"]
[Site "Baile Felix"]
[Date "2017.02.09"]
[Round "9"]
[White "Apostu, Milena Maria"]
[Black "Guiu, Lorena Malina"]
[Result "1-0"]
[WhiteElo "1467"]
[BlackElo "1472"]
[PlyCount "99"]
[EventDate "2017.02.02"]
[EventType "swiss"]
[EventRounds "9"]
[EventCountry "ROU"]
[SourceTitle "CBM 176 Extra"]
[Source "ChessBase"]
[SourceDate "2017.03.02"]
[SourceVersion "1"]
[SourceVersionDate "2017.03.02"]
[SourceQuality "1"]

1. d4 d5 2. Nf3 Nf6 3. c4 c6 4. Nc3 e6 5. Bf4 Nbd7 6. cxd5 exd5 7. a3 Be7 8. e3 Nh5 9. Bg3 Nxg3 10. hxg3 Nf6 11. Qc2 Qa5 12. Bd3 Bb4 13. Rc1 Bxc3+ 14. Qxc3 Qb6 15. b4 Bd7 16. Ne5 h6 17. Qc5 Qxc5 18. bxc5 0-0 19. Rb1 Rab8 20. Kd2 Rfd8 21. Rb4 Ne4+ 22. Bxe4 dxe4 23. Rhb1 f6 24. Nc4 Bc8 25. Nd6 a5 26. Rb6 Kf8 27. Nxc8 Rdxc8 28. Rxb7 Rxb7 29. Rxb7 a4 30. Kc3 f5 31. Kb4 Ra8 32. Rb6 Rc8 33. Kxa4 Ra8+ 34. Kb4 Rc8 35. a4 Ke8 36. a5 Kd8 37. a6 Ra8 38. Rxc6 Kd7 39. Rb6 Kc8 40. Kb5 Kc7 41. Rb7+ Kc8 42. c6 Kd8 43. a7 Kc8 44. Rb8+ Rxb8+ 45. axb8Q+ Kxb8 46. Kb6 Kc8 47. c7 g5 48. Kc6 f4 49. d5 fxe3 50. d6 1-0

[Event "ROM-ch U12 Girls"]
[Site "Calimanesti Caciulata"]
[Date "2016.04.21"]
[Round "4"]
[White "Guiu, Lorena Malina"]
[Black "Paraschiv, Miruna Maria"]
[Result "1-0"]
[WhiteElo "1455"]
[BlackElo "1001"]
[PlyCount "91"]
[EventDate "2016.04.18"]
[EventType "swiss"]
[EventRounds "9"]
[EventCountry "ROU"]
[SourceTitle "CBM 172 Extra"]
[Source "ChessBase"]
[SourceDate "2016.06.21"]
[SourceVersion "1"]
[SourceVersionDate "2016.06.21"]
[SourceQuality "1"]

1. e4 e5 2. f4 d6 3. Nf3 Nc6 4. Bc4 Nf6 5. Nc3 Be7 6. 0-0 0-0 7. d3 Be6 8. Bb3 a6 9. f5 Bxb3 10. axb3 d5 11. Qe1 Bc5+ 12. Kh1 Re8 13. Qg3 Bb4 14. Bh6 Kf8 15. Qxg7+ Ke7 16. Bg5 Qd6 17. Nxd5+ Kd8 18. Qxf6+ Ne7 19. Qxd6+ Bxd6 20. Bxe7+ Bxe7 21. Nxe5 Bc5 22. Nxf7+ Kc8 23. e5 c6 24. Nf4 Bd4 25. e6 Bxb2 26. Rab1 Bf6 27. g4 Kc7 28. Kg2 Rg8 29. Kg3 b5 30. h4 a5 31. g5 Be5 32. Nxe5 h6 33. Nf7 hxg5 34. hxg5 a4 35. Ra1 a3 36. b4 c5 37. c3 Rgc8 38. Ra2 cxb4 39. cxb4 Ra4 40. Nd5+ Kc6 41. Ne7+ Kc7 42. Nxc8 Kxc8 43. Nd6+ Kd8 44. Nxb5 Ke8 45. Rxa3 Rxa3 46. Nxa3 1-0

[Event "ROM-ch U12 Girls"]
[Site "Calimanesti"]
[Date "2015.03.31"]
[Round "2"]
[White "Guiu, Lorena Malina"]
[Black "Apostu, Milena Maria"]
[Result "1/2-1/2"]
[WhiteElo "1552"]
[BlackElo "1422"]
[PlyCount "31"]
[EventDate "2015.03.30"]
[EventType "swiss"]
[EventRounds "9"]
[EventCountry "ROU"]
[SourceTitle "CBM 165 Extra"]
[Source "ChessBase"]
[SourceDate "2015.04.21"]
[SourceVersion "1"]
[SourceVersionDate "2015.04.21"]
[SourceQuality "1"]

1. e4 c5 2. c4 Nc6 3. Nc3 g6 4. g3 Bg7 5. Bg2 e6 6. d3 a6 7. Be3 d6 8. Nge2 Nd4 9. 0-0 Ne7 10. f4 0-0 11. a3 Rb8 12. Rb1 b5 13. b4 Bd7 14. Qd2 Re8 15. Na2 Nec6 16. Nec3 1/2-1/2

[Event "ROM-ch U12 Girls"]
[Site "Calimanesti"]
[Date "2015.03.30"]
[Round "1"]
[White "Pirvu, Andreea"]
[Black "Guiu, Lorena Malina"]
[Result "0-1"]
[WhiteElo "1173"]
[BlackElo "1552"]
[PlyCount "83"]
[EventDate "2015.03.30"]
[EventType "swiss"]
[EventRounds "9"]
[EventCountry "ROU"]
[SourceTitle "CBM 165 Extra"]
[Source "ChessBase"]
[SourceDate "2015.04.21"]
[SourceVersion "1"]
[SourceVersionDate "2015.04.21"]
[SourceQuality "1"]

1. d4 d5 2. Nf3 Nc6 3. e3 Bf5 4. Nbd2 Nb4 5. Bd3 Nxd3+ 6. cxd3 Bxd3 7. Qb3 Ba6 8. Ne5 Nf6 9. e4 e6 10. Qf3 Bd6 11. Nxf7 Kxf7 12. e5 Bb4 13. exf6 Qxf6 14. Qxf6+ gxf6 15. a3 Bd6 16. Nb3 e5 17. Be3 b6 18. 0-0-0 e4 19. f3 Be2 20. Rde1 exf3 21. gxf3 Bxf3 22. Rhf1 Be4 23. Rf2 Ke6 24. Ref1 f5 25. Nd2 h5 26. Nxe4 dxe4 27. Rxf5 Bxh2 28. d5+ Kd7 29. Rh1 Bg3 30. Rfxh5 Rxh5 31. Rxh5 Kd6 32. Rh7 Kxd5 33. Rxc7 Bxc7 34. Kc2 Rc8 35. Kb3 Be5 36. Bd2 Rf8 37. Bb4 Rf3+ 38. Bc3 Bxc3 39. bxc3 Rf8 40. c4+ Kd4 41. a4 e3 42. Kb4 0-1

[Event "ROM-ch U10 Girls"]
[Site "Calimanesti"]
[Date "2014.04.12"]
[Round "8"]
[White "Guiu, Lorena Malina"]
[Black "Popa, Andra Maria"]
[Result "1-0"]
[WhiteElo "1025"]
[BlackElo "1001"]
[PlyCount "151"]
[EventDate "2014.04.06"]
[EventType "swiss"]
[EventRounds "9"]
[EventCountry "ROU"]
[SourceTitle "CBM 160 Extra"]
[Source "ChessBase"]
[SourceDate "2014.07.01"]
[SourceVersion "1"]
[SourceVersionDate "2014.07.01"]
[SourceQuality "1"]

1. d4 d5 2. Nc3 Nc6 3. Nf3 Nf6 4. e3 Ne4 5. Bd2 Nxd2 6. Qxd2 e6 7. Bb5 a6 8. Bxc6+ bxc6 9. Ne5 c5 10. Qe2 cxd4 11. exd4 Bd6 12. Nf3 0-0 13. 0-0 Re8 14. Rfe1 Qe7 15. Ne5 f6 16. Nf3 Bb7 17. Nd1 e5 18. c3 exd4 19. Qxe7 Rxe7 20. Rxe7 Bxe7 21. Nxd4 Re8 22. Ne3 Bc5 23. h3 Bxd4 24. cxd4 Re4 25. Rd1 Bc6 26. b3 a5 27. Rc1 Be8 28. Nxd5 c6 29. Nc7 Bd7 30. d5 cxd5 31. Nxd5 a4 32. Nb6 Bb5 33. bxa4 Bxa4 34. Nxa4 Rxa4 35. Ra1 g5 36. f3 h5 37. Kf2 Kg7 38. Ke3 Kg6 39. a3 f5 40. Ra2 g4 41. fxg4 hxg4 42. hxg4 fxg4 43. g3 Kf5 44. Kd3 Ke5 45. Ra1 Rd4+ 46. Ke3 Re4+ 47. Kf2 Ra4 48. Ke3 Re4+ 49. Kd3 Ra4 50. Kc3 Ke4 51. Kb3 Ra8 52. Rf1 Rb8+ 53. Ka2 Rc8 54. Rf4+ Ke5 55. Rxg4 Rc2+ 56. Kb3 Rd2 57. Kc3 Ra2 58. Kb3 Re2 59. a4 Re4 60. Rxe4+ Kxe4 61. Kb4 Kf3 62. a5 Kxg3 63. a6 Kg2 64. a7 Kg3 65. a8Q Kg4 66. Qf8 Kg3 67. Kc4 Kg2 68. Kd3 Kg3 69. Ke3 Kg4 70. Qf6 Kg3 71. Qf4+ Kg2 72. Qf3+ Kg1 73. Kf4 Kh2 74. Qg4 Kh1 75. Kf3 Kh2 76. Qg2# 1-0

[Event "ROM-ch U10 Girls"]
[Site "Calimanesti"]
[Date "2014.04.11"]
[Round "7"]
[White "Cismaru, Alexandra Nicola"]
[Black "Guiu, Lorena Malina"]
[Result "1-0"]
[WhiteElo "1092"]
[BlackElo "1025"]
[PlyCount "61"]
[EventDate "2014.04.06"]
[EventType "swiss"]
[EventRounds "9"]
[EventCountry "ROU"]
[SourceTitle "CBM 160 Extra"]
[Source "ChessBase"]
[SourceDate "2014.07.01"]
[SourceVersion "1"]
[SourceVersionDate "2014.07.01"]
[SourceQuality "1"]

1. e4 e5 2. Nf3 Nc6 3. Bc4 f6 4. c3 Nge7 5. d4 d6 6. h3 h6 7. 0-0 Bd7 8. Be3 Qc8 9. Kh2 f5 10. d5 Na5 11. Bd3 fxe4 12. Bxe4 Nc4 13. Qe2 Nxe3 14. fxe3 Bf5 15. Nbd2 Bxe4 16. Nxe4 Nxd5 17. Nh4 Qe6 18. Qh5+ Kd7 19. Rf7+ Kc8 20. Raf1 Qe8 21. Qf5+ Kd8 22. Rf3 Be7 23. Ng6 Rg8 24. Qe6 c6 25. Nxe7 Nxe7 26. Qxd6+ Kc8 27. Rxe7 Qd8 28. Qe6+ Kb8 29. Qxe5+ Kc8 30. Nd6+ Kb8 31. Rxb7# 1-0

[Event "ROM-ch U10 Girls"]
[Site "Calimanesti"]
[Date "2014.04.09"]
[Round "5"]
[White "Guiu, Lorena Malina"]
[Black "Carstea, Alexia Ecaterina"]
[Result "0-1"]
[WhiteElo "1025"]
[BlackElo "1172"]
[PlyCount "104"]
[EventDate "2014.04.06"]
[EventType "swiss"]
[EventRounds "9"]
[EventCountry "ROU"]
[SourceTitle "CBM 160 Extra"]
[Source "ChessBase"]
[SourceDate "2014.07.01"]
[SourceVersion "1"]
[SourceVersionDate "2014.07.01"]
[SourceQuality "1"]

1. d4 Nf6 2. Nf3 e6 3. Nc3 d5 4. Bg5 Bb4 5. Qd3 Nc6 6. e3 h6 7. Bxf6 Qxf6 8. a3 Ba5 9. Nd2 0-0 10. Nb3 Bb6 11. g3 Rd8 12. Bg2 e5 13. Nxd5 Qe6 14. Nxb6 axb6 15. d5 Qe7 16. Qc3 Na5 17. Nxa5 bxa5 18. e4 b5 19. Qc6 Ba6 20. Qc3 Bb7 21. Rb1 b4 22. Qd3 c6 23. c3 cxd5 24. exd5 bxa3 25. bxa3 Ba6 26. c4 Rdc8 27. d6 Bxc4 28. Qd2 Qd7 29. Bxa8 Rxa8 30. Qc3 Qc6 31. Kd2 Qxd6+ 32. Kc2 Rc8 33. Qd2 Bb3+ 34. Kxb3 Qxd2 35. f3 Rb8+ 36. Kc4 Qc2+ 37. Kd5 Rxb1 38. Rxb1 Qxb1 39. Kxe5 Qd3 40. a4 Qxf3 41. Kd4 Qb3 42. Kc5 Qxa4 43. Kb6 Qc4 44. Kxa5 Qb3 45. Ka6 Qb4 46. Ka7 Qb5 47. Ka8 Qb6 48. h4 Kf8 49. g4 Ke8 50. g5 Kd8 51. gxh6 Kc8 52. hxg7 Qb7# 0-1

[Event "ROM-ch U10 Girls"]
[Site "Calimanesti"]
[Date "2014.04.09"]
[Round "4"]
[White "Nicolae, Elena Diana"]
[Black "Guiu, Lorena Malina"]
[Result "1-0"]
[WhiteElo "1219"]
[BlackElo "1025"]
[PlyCount "103"]
[EventDate "2014.04.06"]
[EventType "swiss"]
[EventRounds "9"]
[EventCountry "ROU"]
[SourceTitle "CBM 160 Extra"]
[Source "ChessBase"]
[SourceDate "2014.07.01"]
[SourceVersion "1"]
[SourceVersionDate "2014.07.01"]
[SourceQuality "1"]

1. e4 e5 2. Nc3 Nc6 3. Nf3 Nf6 4. Bc4 h6 5. 0-0 d6 6. h3 Be7 7. d3 b6 8. Be3 Bb7 9. Qd2 g6 10. Bxh6 Ng8 11. Be3 Bc8 12. Ng5 Bxg5 13. Bxg5 f6 14. Bd5 Bb7 15. Be3 Nge7 16. Bb3 Bc8 17. Kh2 Bd7 18. f4 Qc8 19. Rf3 exf4 20. Bxf4 Nd4 21. Rg3 g5 22. Bxg5 fxg5 23. Qxg5 Nf3+ 24. Rxf3 Bg4 25. Qg7 Rh4 26. Rf8+ Kd7 27. Rxc8 Kxc8 28. Qf8+ Kb7 29. Qxe7 Rah8 30. Bd5+ Ka6 31. Be6 R4h7 32. Qg5 Bxe6 33. Qb5+ Kb7 34. a4 a5 35. b4 axb4 36. Qxb4 Kc8 37. a5 bxa5 38. Rxa5 Kd7 39. Qb5+ Ke7 40. Ra7 Kd8 41. Qb8+ Bc8 42. Nb5 Rf8 43. Nxd6 Rf2 44. Qxc8+ Ke7 45. Qxc7+ Ke6 46. Qxh7 Kxd6 47. Ra5 Rf6 48. e5+ Ke6 49. exf6 Kxf6 50. Qh6+ Kf7 51. Ra7+ Ke8 52. Qh8# 1-0